000 00313 a2200133 4500
005 20250709064704.0
020 _a0-285-63460-7
082 _a782.86092 BAR
100 _aBARBIER, P
245 _aThe World of the Castrati
260 _aLondon
_bsouvenir Press
_c1996
300 _a262p.;ill
_c20cm
942 _2ddc
_cBKS
999 _c6615
_d6615